What Year Did That Song Come Out? #1 - Statistics

General Stats
  • This quiz has been taken 20,681 times
  • The average score is 12 of 20
Answer Stats
Song Musical Act Year % Correct
Hello Adele 2015
91%
Thriller Michael Jackson 1982
88%
Gangnam Style Psy 2012
78%
Uptown Funk Mark Ronson 2014
76%
Anti-Hero Taylor Swift 2022
76%
Y.M.C.A. Village People 1978
69%
Bohemian Rhapsody Queen 1975
68%
Wonderwall Oasis 1995
67%
Umbrella Rihanna 2007
67%
I Kissed a Girl Katy Perry 2008
65%
Purple Rain Prince 1984
64%
Smells Like Teen Spirit Nirvana 1991
60%
Like a Virgin Madonna 1984
59%
Mr. Brightside The Killers 2004
57%
Every Breath You Take The Police 1983
54%
Hey Ya! Outkast 2003
53%
Purple Haze Jimi Hendrix 1967
47%
Waterfalls TLC 1995
44%
That'll Be the Day Buddy Holly 1957
35%
Disco Inferno The Trammps 1976
31%
No matching quizzes found
Score Distribution
Percent of People with Each Score
Percentile by Number Answered
Your Score History
You have not taken this quiz